[Event "Blitz 2018"]
[Site "Saint-Petersburg"]
[Date "2018.12.29"]
[Round "7"]
[Board "62"]
[White "Bazeev German (RUS)"]
[Black "Al-Sayed Mohammed (QAT)"]
[Result "1/2-1/2"]
[LiveChessVersion "1.4.8"]
[BlackElo "2547"]
[WhiteElo "2422"]

1. d4 {[%clk 0:03:02]} d5 {[%clk 0:03:03]} 2. Nf3 {[%clk 0:03:02]} Nf6
{[%clk 0:03:04]} 3. c4 {[%clk 0:03:04]} c6 {[%clk 0:03:06]} 4. Qc2
{[%clk 0:03:05]} dxc4 {[%clk 0:02:54]} 5. e4 {[%clk 0:03:06]} b5 6. b3 cxb3
{[%clk 0:02:44]} 7. axb3 {[%clk 0:03:10]} e6 {[%clk 0:02:43]} 8. Bd2
{[%clk 0:03:11]} Bb7 {[%clk 0:02:36]} 9. Ba5 {[%clk 0:03:12]} Qc8
{[%clk 0:02:32]} 10. Nbd2 {[%clk 0:03:13]} Be7 {[%clk 0:02:31]} 11. b4
{[%clk 0:03:12]} O-O 12. Bd3 h6 {[%clk 0:02:28]} 13. O-O {[%clk 0:03:14]} Bd8
{[%clk 0:02:22]} 14. Nb3 {[%clk 0:03:13]} Bxa5 {[%clk 0:02:10]} 15. Nxa5
{[%clk 0:03:14]} Nbd7 {[%clk 0:02:10]} 16. Rac1 {[%clk 0:03:10]} Nb6
{[%clk 0:02:05]} 17. Ne5 {[%clk 0:03:07]} a6 {[%clk 0:01:52]} 18. Qb2
{[%clk 0:02:55]} Rb8 {[%clk 0:01:34]} 19. Rc2 {[%clk 0:02:53]} Qe8
{[%clk 0:01:28]} 20. Rfc1 {[%clk 0:02:51]} Ba8 {[%clk 0:01:28]} 21. Naxc6
{[%clk 0:02:48]} Rc8 {[%clk 0:01:23]} 22. Qa1 {[%clk 0:02:45]} Bb7
{[%clk 0:01:16]} 23. Qa5 {[%clk 0:02:35]} Nc4 {[%clk 0:01:05]} 24. Bxc4
{[%clk 0:02:29]} bxc4 {[%clk 0:01:05]} 25. Rxc4 {[%clk 0:02:25]} Nxe4 26. Qb6
Bxc6 {[%clk 0:00:53]} 27. Nxc6 {[%clk 0:02:26]} Kh8 {[%clk 0:00:45]} 28. Qxa6
{[%clk 0:02:26]} Qd7 {[%clk 0:00:33]} 29. Ne5 {[%clk 0:02:09]} Rxc4
{[%clk 0:00:35]} 30. Qxc4 {[%clk 0:02:09]} Qb7 {[%clk 0:00:33]} 31. Qc6
{[%clk 0:02:06]} Rb8 {[%clk 0:00:24]} 32. Qxb7 {[%clk 0:01:57]} Rxb7
{[%clk 0:00:25]} 33. Rc8+ {[%clk 0:01:52]} Kh7 34. Nc6 Nc3 {[%clk 0:00:19]} 35.
Ra8 {[%clk 0:01:48]} Nd5 {[%clk 0:00:19]} 36. Ra4 {[%clk 0:01:46]} Rc7
{[%clk 0:00:12]} 37. b5 {[%clk 0:01:43]} Nc3 {[%clk 0:00:13]} 38. Ra7
{[%clk 0:01:44]} Nxb5 {[%clk 0:00:12]} 39. Rxc7 {[%clk 0:01:45]} Nxc7
{[%clk 0:00:13]} 40. f3 {[%clk 0:01:46]} Kg6 {[%clk 0:00:12]} 41. Kf2
{[%clk 0:01:47]} f6 {[%clk 0:00:13]} 42. Ke3 {[%clk 0:01:48]} Nd5+
{[%clk 0:00:14]} 43. Ke4 {[%clk 0:01:48]} Kf7 {[%clk 0:00:15]} 44. f4
{[%clk 0:01:48]} Nc3+ {[%clk 0:00:15]} 45. Kd3 {[%clk 0:01:49]} Nd5
{[%clk 0:00:16]} 46. g3 {[%clk 0:01:51]} Ke8 {[%clk 0:00:17]} 47. Na5
{[%clk 0:01:47]} Kd7 {[%clk 0:00:17]} 48. Nc4 {[%clk 0:01:45]} Nb4+
{[%clk 0:00:18]} 49. Ke4 {[%clk 0:01:46]} Nd5 {[%clk 0:00:13]} 50. f5
{[%clk 0:01:46]} Nc3+ {[%clk 0:00:13]} 51. Kd3 {[%clk 0:01:47]} Nd5
{[%clk 0:00:14]} 52. fxe6+ {[%clk 0:01:49]} Kxe6 {[%clk 0:00:16]} 53. Ke4
{[%clk 0:01:44]} Nc3+ {[%clk 0:00:17]} 54. Kd3 {[%clk 0:01:43]} Nd5
{[%clk 0:00:18]} 55. h4 {[%clk 0:01:39]} g5 {[%clk 0:00:16]} 56. h5
{[%clk 0:01:39]} f5 {[%clk 0:00:17]} 57. Nd2 {[%clk 0:01:35]} Nf6 58. Kc4 Nxh5
{[%clk 0:00:17]} 59. Kc5 {[%clk 0:01:35]} Nxg3 60. d5+ Kd7 {[%clk 0:00:17]} 61.
Nc4 {[%clk 0:01:39]} Ne4+ {[%clk 0:00:18]} 62. Kd4 {[%clk 0:01:40]} Nd6
{[%clk 0:00:14]} 63. Ne3 {[%clk 0:01:29]} f4 64. Ng4 Nf7 {[%clk 0:00:13]} 65. Kc5
{[%clk 0:01:27]} h5 {[%clk 0:00:11]} 66. Nf6+ {[%clk 0:01:28]} Ke7
{[%clk 0:00:13]} 67. Nxh5 {[%clk 0:01:28]} f3 {[%clk 0:00:11]} 68. Kd4
{[%clk 0:01:29]} g4 {[%clk 0:00:11]} 69. Ke4 {[%clk 0:01:11]} Nd6+
{[%clk 0:00:09]} 70. Kf4 {[%clk 0:01:09]} f2 {[%clk 0:00:07]} 71. Ng3
{[%clk 0:01:10]} Nc4 {[%clk 0:00:06]} 72. Kxg4 1/2-1/2

[Event "Blitz 2018"]
[Site "Saint-Petersburg"]
[Date "2018.12.29"]
[Round "7"]
[Board "63"]
[White "Anton Guijarro David (ESP)"]
[Black "Tsoi Dmitry (RUS)"]
[Result "1/2-1/2"]
[LiveChessVersion "1.4.8"]
[BlackElo "2387"]
[WhiteElo "2631"]

1. Nf3 {[%clk 0:03:02]} f5 {[%clk 0:03:03]} 2. d4 {[%clk 0:02:59]} Nf6
{[%clk 0:03:03]} 3. c4 {[%clk 0:02:59]} e6 {[%clk 0:03:05]} 4. Nc3
{[%clk 0:02:57]} d5 {[%clk 0:03:05]} 5. Bg5 {[%clk 0:02:55]} c6 {[%clk 0:03:05]}
6. e3 {[%clk 0:02:55]} Be7 {[%clk 0:03:05]} 7. Bd3 {[%clk 0:02:55]} O-O
{[%clk 0:03:05]} 8. O-O {[%clk 0:02:54]} Ne4 {[%clk 0:03:06]} 9. Bxe7
{[%clk 0:02:54]} Qxe7 {[%clk 0:03:07]} 10. Qc2 {[%clk 0:02:50]} Bd7
{[%clk 0:03:03]} 11. Ne5 {[%clk 0:02:50]} Be8 {[%clk 0:02:53]} 12. Ne2
{[%clk 0:02:40]} Nd7 {[%clk 0:02:53]} 13. f3 {[%clk 0:02:32]} Nd6
{[%clk 0:02:41]} 14. c5 {[%clk 0:02:17]} Nf7 {[%clk 0:02:42]} 15. f4
{[%clk 0:02:13]} Nfxe5 {[%clk 0:02:37]} 16. fxe5 {[%clk 0:02:13]} g5
{[%clk 0:01:43]} 17. b4 {[%clk 0:02:13]} a6 {[%clk 0:01:38]} 18. a4
{[%clk 0:02:14]} Bh5 {[%clk 0:01:28]} 19. b5 {[%clk 0:02:02]} axb5
{[%clk 0:01:26]} 20. axb5 {[%clk 0:02:03]} Bxe2 {[%clk 0:01:23]} 21. Qxe2
{[%clk 0:02:03]} g4 {[%clk 0:00:48]} 22. g3 {[%clk 0:01:49]} h5 {[%clk 0:00:48]}
23. Qb2 {[%clk 0:01:45]} h4 {[%clk 0:00:41]} 24. bxc6 {[%clk 0:01:40]} bxc6
{[%clk 0:00:42]} 25. Qb7 {[%clk 0:01:36]} Rxa1 {[%clk 0:00:14]} 26. Rxa1
{[%clk 0:01:37]} hxg3 {[%clk 0:00:14]} 27. hxg3 {[%clk 0:01:38]} Qg5
{[%clk 0:00:06]} 28. Re1 {[%clk 0:01:08]} Rf7 {[%clk 0:00:05]} 29. Qxc6
{[%clk 0:00:59]} Nf8 {[%clk 0:00:05]} 30. Bf1 {[%clk 0:00:46]} Rh7
{[%clk 0:00:03]} 31. Bg2 {[%clk 0:00:41]} Qh6 {[%clk 0:00:05]} 32. Kf2
{[%clk 0:00:35]} Ra7 {[%clk 0:00:06]} 33. Qb6 {[%clk 0:00:34]} Ra2+
{[%clk 0:00:08]} 34. Re2 {[%clk 0:00:35]} Ra1 {[%clk 0:00:07]} 35. Qb2
{[%clk 0:00:33]} Rd1 {[%clk 0:00:07]} 36. Qc2 {[%clk 0:00:28]} Ra1
{[%clk 0:00:08]} 37. Qc3 {[%clk 0:00:29]} Rb1 {[%clk 0:00:08]} 38. Re1
{[%clk 0:00:28]} Rb8 {[%clk 0:00:04]} 39. c6 {[%clk 0:00:26]} Qg7
{[%clk 0:00:04]} 40. c7 Rc8 41. Rc1 {[%clk 0:00:25]} Ng6 {[%clk 0:00:05]} 42. Qc6
{[%clk 0:00:26]} Qe7 {[%clk 0:00:05]} 43. Qd6 {[%clk 0:00:25]} Kf7
{[%clk 0:00:05]} 44. Bf1 {[%clk 0:00:25]} Qe8 {[%clk 0:00:04]} 45. Qc6
{[%clk 0:00:14]} Qh8 {[%clk 0:00:04]} 46. Qd7+ {[%clk 0:00:15]} Ne7
{[%clk 0:00:05]} 47. Rc6 {[%clk 0:00:16]} Qh6 {[%clk 0:00:03]} 48. Rc2
{[%clk 0:00:14]} Qh2+ {[%clk 0:00:04]} 49. Bg2 {[%clk 0:00:15]} Qh8
{[%clk 0:00:05]} 50. Rb2 {[%clk 0:00:15]} Ra8 {[%clk 0:00:06]} 51. Qd6
{[%clk 0:00:14]} Ra1 {[%clk 0:00:04]} 52. Qb4 {[%clk 0:00:07]} Qh2
{[%clk 0:00:05]} 53. Rb1 {[%clk 0:00:08]} Ra2+ {[%clk 0:00:06]} 54. Rb2
{[%clk 0:00:09]} Ra1 {[%clk 0:00:07]} 55. Rb1 {[%clk 0:00:07]} Ra2+
{[%clk 0:00:08]} 56. Rb2 {[%clk 0:00:08]} Ra1 {[%clk 0:00:10]} 57. Rb1
{[%clk 0:00:09]} 1/2-1/2

[Event "Blitz 2018"]
[Site "Saint-Petersburg"]
[Date "2018.12.29"]
[Round "7"]
[Board "64"]
[White "Bocharov Dmitry (RUS)"]
[Black "Bocharov Ivan (RUS)"]
[Result "0-1"]
[LiveChessVersion "1.4.8"]
[BlackElo "2715"]
[WhiteElo "2517"]

1. f4 {[%clk 0:03:02]} f5 {[%clk 0:03:03]} 2. Nf3 {[%clk 0:03:02]} Nf6
{[%clk 0:03:05]} 3. e3 {[%clk 0:02:44]} g6 {[%clk 0:03:05]} 4. b3
{[%clk 0:02:42]} Bg7 {[%clk 0:03:06]} 5. Bb2 {[%clk 0:02:42]} b6 {[%clk 0:03:08]}
6. Be2 {[%clk 0:02:41]} Bb7 {[%clk 0:03:09]} 7. O-O {[%clk 0:02:40]} O-O
{[%clk 0:03:11]} 8. a4 {[%clk 0:02:36]} a5 {[%clk 0:03:10]} 9. Na3
{[%clk 0:02:36]} Na6 {[%clk 0:03:11]} 10. Nc4 {[%clk 0:02:32]} Nc5
{[%clk 0:03:12]} 11. d3 {[%clk 0:02:26]} e6 {[%clk 0:03:06]} 12. Nd4
{[%clk 0:02:11]} Nd5 {[%clk 0:02:39]} 13. Qd2 {[%clk 0:01:47]} Nb4
{[%clk 0:02:35]} 14. Bf3 {[%clk 0:01:38]} Bxf3 {[%clk 0:02:32]} 15. Rxf3
{[%clk 0:01:38]} Qc8 {[%clk 0:02:07]} 16. Re1 {[%clk 0:01:33]} Qb7
{[%clk 0:02:08]} 17. Nb5 {[%clk 0:01:19]} Bxb2 {[%clk 0:02:02]} 18. Nxb2
{[%clk 0:01:19]} Rae8 {[%clk 0:01:57]} 19. Nc4 {[%clk 0:01:19]} d6
{[%clk 0:01:52]} 20. Nc3 {[%clk 0:01:14]} e5 {[%clk 0:01:48]} 21. fxe5
{[%clk 0:00:58]} dxe5 {[%clk 0:01:49]} 22. e4 {[%clk 0:00:41]} f4
{[%clk 0:01:42]} 23. g3 {[%clk 0:00:42]} fxg3 {[%clk 0:01:33]} 24. Rxg3
{[%clk 0:00:36]} Qc6 {[%clk 0:01:33]} 25. Ne3 {[%clk 0:00:29]} Ne6
{[%clk 0:01:27]} 26. Rf1 {[%clk 0:00:08]} Nd4 {[%clk 0:01:22]} 27. Ncd5
{[%clk 0:00:05]} Rxf1+ {[%clk 0:01:14]} 28. Kxf1 {[%clk 0:00:06]} Rf8+
{[%clk 0:01:16]} 29. Kg2 {[%clk 0:00:06]} Nxd5 {[%clk 0:01:03]} 30. exd5
{[%clk 0:00:06]} Qc5 {[%clk 0:00:54]} 31. Qc1 {[%clk 0:00:04]} Ne2
{[%clk 0:00:54]} 0-1

[Event "Blitz 2018"]
[Site "Saint-Petersburg"]
[Date "2018.12.29"]
[Round "7"]
[Board "65"]
[White "Grigoriants Sergey (RUS)"]
[Black "Zubritskiy Artyom (RUS)"]
[Result "1/2-1/2"]
[LiveChessVersion "1.4.8"]
[BlackElo "2513"]
[WhiteElo "2626"]

1. e4 {[%clk 0:03:03]} c5 {[%clk 0:03:04]} 2. Nf3 {[%clk 0:03:04]} d6
{[%clk 0:03:05]} 3. d4 {[%clk 0:03:04]} cxd4 {[%clk 0:03:06]} 4. Nxd4
{[%clk 0:03:05]} Nf6 {[%clk 0:03:07]} 5. Nc3 a6 6. g3 {[%clk 0:03:05]} e5
{[%clk 0:03:06]} 7. Nde2 {[%clk 0:03:03]} Be6 {[%clk 0:03:07]} 8. Bg2
{[%clk 0:03:03]} Be7 {[%clk 0:03:07]} 9. O-O {[%clk 0:02:53]} O-O
{[%clk 0:03:08]} 10. a4 {[%clk 0:02:48]} Nbd7 {[%clk 0:03:02]} 11. h3
{[%clk 0:02:49]} Rc8 {[%clk 0:02:50]} 12. Be3 {[%clk 0:02:42]} Qc7
{[%clk 0:02:11]} 13. Qd2 {[%clk 0:02:07]} Rfd8 {[%clk 0:01:07]} 14. a5
{[%clk 0:01:56]} b5 {[%clk 0:00:51]} 15. axb6 {[%clk 0:01:45]} Nxb6
{[%clk 0:00:52]} 16. Rxa6 {[%clk 0:01:43]} Nc4 {[%clk 0:00:53]} 17. Qc1
{[%clk 0:01:44]} Nxe3 {[%clk 0:00:28]} 18. Qxe3 {[%clk 0:01:44]} Qb8
{[%clk 0:00:25]} 19. Qa7 {[%clk 0:01:29]} Qxb2 {[%clk 0:00:22]} 20. Nd5
{[%clk 0:00:24]} Bxd5 {[%clk 0:00:20]} 21. exd5 {[%clk 0:00:25]} Qxc2
{[%clk 0:00:19]} 22. Ra2 {[%clk 0:00:21]} Qc5 {[%clk 0:00:14]} 23. Rb1
{[%clk 0:00:06]} Rc7 {[%clk 0:00:07]} 24. Rb7 {[%clk 0:00:05]} Qxa7
{[%clk 0:00:03]} 25. Raxa7 {[%clk 0:00:06]} Rxb7 {[%clk 0:00:04]} 26. Rxb7
{[%clk 0:00:07]} Kf8 {[%clk 0:00:05]} 27. Nc3 {[%clk 0:00:06]} Nd7
{[%clk 0:00:05]} 28. Nb5 {[%clk 0:00:04]} Nc5 {[%clk 0:00:06]} 29. Rc7
{[%clk 0:00:05]} f5 {[%clk 0:00:05]} 30. g4 {[%clk 0:00:06]} g6 {[%clk 0:00:05]}
31. Na7 {[%clk 0:00:04]} Rd7 {[%clk 0:00:06]} 32. Rc8+ {[%clk 0:00:05]} Rd8
{[%clk 0:00:06]} 33. Rc7 {[%clk 0:00:06]} Rd7 {[%clk 0:00:06]} 34. Rc8+
{[%clk 0:00:08]} Kg7 {[%clk 0:00:05]} 35. Nc6 {[%clk 0:00:09]} Bg5
{[%clk 0:00:04]} 36. Re8 {[%clk 0:00:06]} Bf4 {[%clk 0:00:03]} 37. gxf5 gxf5 38.
h4 {[%clk 0:00:06]} Rb7 {[%clk 0:00:05]} 39. Bh3 {[%clk 0:00:06]} Rb1+
{[%clk 0:00:05]} 40. Kg2 {[%clk 0:00:08]} Kg6 {[%clk 0:00:05]} 41. Rg8+
{[%clk 0:00:07]} Kf7 {[%clk 0:00:06]} 42. Rh8 {[%clk 0:00:08]} Kg7
{[%clk 0:00:08]} 43. Rd8 {[%clk 0:00:08]} Kf7 {[%clk 0:00:07]} 44. Bxf5
{[%clk 0:00:08]} Rd1 {[%clk 0:00:07]} 45. Rxd6 {[%clk 0:00:08]} e4
{[%clk 0:00:07]} 46. Rd8 {[%clk 0:00:07]} Rd2 {[%clk 0:00:08]} 47. Kf1
{[%clk 0:00:05]} Rd1+ {[%clk 0:00:08]} 48. Kg2 {[%clk 0:00:05]} Rd2
{[%clk 0:00:09]} 49. Kf1 {[%clk 0:00:03]} Rd1+ {[%clk 0:00:08]} 50. Kg2
{[%clk 0:00:04]} Rd2 {[%clk 0:00:09]} 51. Be6+ {[%clk 0:00:04]} Kg7
{[%clk 0:00:09]} 52. Rg8+ {[%clk 0:00:04]} Kh6 {[%clk 0:00:08]} 53. Rf8
{[%clk 0:00:03]} Nd3 {[%clk 0:00:09]} 54. Kh3 {[%clk 0:00:04]} Nxf2+
{[%clk 0:00:09]} 55. Kg2 {[%clk 0:00:05]} Nd3+ {[%clk 0:00:09]} 56. Kh3
{[%clk 0:00:05]} Nf2+ {[%clk 0:00:07]} 57. Kg2 {[%clk 0:00:06]} Nd3+
{[%clk 0:00:05]} 58. Kh3 {[%clk 0:00:08]} Nf2+ {[%clk 0:00:03]} 59. Kg2
{[%clk 0:00:09]} Nd3+ {[%clk 0:00:05]} 60. Kh3 {[%clk 0:00:11]} Nf2+
{[%clk 0:00:05]} 61. Kg2 {[%clk 0:00:12]} Nd3+ {[%clk 0:00:07]} 1/2-1/2

[Event "Blitz 2018"]
[Site "Saint-Petersburg"]
[Date "2018.12.29"]
[Round "7"]
[Board "66"]
[White "Carlsson Pontus (SWE)"]
[Black "Rakhmanov Aleksandr (RUS)"]
[Result "0-1"]
[LiveChessVersion "1.4.8"]
[BlackElo "2615"]
[WhiteElo "2511"]

1. e4 {[%clk 0:03:03]} c5 {[%clk 0:03:03]} 2. Nf3 {[%clk 0:03:04]} Nf6
{[%clk 0:03:04]} 3. e5 {[%clk 0:03:03]} Nd5 {[%clk 0:03:05]} 4. d4
{[%clk 0:02:58]} cxd4 {[%clk 0:03:05]} 5. c3 {[%clk 0:03:00]} d6 {[%clk 0:03:01]}
6. Bc4 {[%clk 0:02:52]} Nb6 {[%clk 0:02:58]} 7. Bb3 {[%clk 0:02:53]} Nc6
{[%clk 0:02:48]} 8. exd6 {[%clk 0:02:37]} e6 {[%clk 0:02:38]} 9. cxd4
{[%clk 0:02:32]} Bxd6 {[%clk 0:02:37]} 10. Nc3 {[%clk 0:02:33]} Na5
{[%clk 0:02:21]} 11. Bc2 {[%clk 0:02:32]} Be7 {[%clk 0:02:22]} 12. Qd3
{[%clk 0:02:30]} Bd7 {[%clk 0:02:14]} 13. Ne5 {[%clk 0:02:29]} Nc6
{[%clk 0:02:13]} 14. a3 {[%clk 0:01:51]} Bf6 {[%clk 0:01:52]} 15. Nf3
{[%clk 0:01:51]} Ne7 {[%clk 0:01:48]} 16. O-O {[%clk 0:01:41]} Bc6
{[%clk 0:01:47]} 17. Rd1 {[%clk 0:01:42]} g6 {[%clk 0:01:42]} 18. Bf4
{[%clk 0:01:18]} O-O {[%clk 0:01:39]} 19. Ne5 {[%clk 0:01:13]} Nbd5
{[%clk 0:01:32]} 20. Bh6 {[%clk 0:01:07]} Bg7 {[%clk 0:01:33]} 21. Qh3
{[%clk 0:01:01]} Bxh6 {[%clk 0:01:32]} 22. Qxh6 {[%clk 0:01:01]} Nxc3
{[%clk 0:01:22]} 23. bxc3 {[%clk 0:01:02]} Qd5 {[%clk 0:01:22]} 24. f3
{[%clk 0:00:49]} Rac8 {[%clk 0:01:20]} 25. c4 {[%clk 0:00:45]} Qa5
{[%clk 0:01:12]} 26. Ng4 {[%clk 0:00:13]} f6 27. Qh4 {[%clk 0:00:13]} Kg7
{[%clk 0:01:06]} 28. Qh6+ {[%clk 0:00:13]} Kg8 {[%clk 0:01:07]} 0-1

[Event "Blitz 2018"]
[Site "Saint-Petersburg"]
[Date "2018.12.29"]
[Round "7"]
[Board "67"]
[White "Lintchevski Daniil (RUS)"]
[Black "Petrov Nikita (RUS)"]
[Result "1-0"]
[LiveChessVersion "1.4.8"]
[BlackElo "2468"]
[WhiteElo "2594"]

1. Nf3 {[%clk 0:03:03]} d5 {[%clk 0:03:03]} 2. d4 {[%clk 0:03:04]} Nf6
{[%clk 0:03:04]} 3. c4 {[%clk 0:03:05]} c6 {[%clk 0:03:05]} 4. e3
{[%clk 0:03:05]} Bg4 {[%clk 0:03:06]} 5. h3 {[%clk 0:02:59]} Bh5 {[%clk 0:03:06]}
6. g4 {[%clk 0:02:58]} Bg6 {[%clk 0:03:07]} 7. Ne5 {[%clk 0:02:58]} Nbd7
{[%clk 0:03:01]} 8. Nxg6 {[%clk 0:02:49]} hxg6 {[%clk 0:03:01]} 9. Nd2
{[%clk 0:02:43]} e6 {[%clk 0:02:59]} 10. Bg2 {[%clk 0:02:35]} g5 {[%clk 0:02:53]}
11. O-O {[%clk 0:02:26]} Bd6 {[%clk 0:02:48]} 12. Re1 {[%clk 0:02:20]} Nf8
{[%clk 0:02:24]} 13. e4 {[%clk 0:02:16]} dxe4 {[%clk 0:02:20]} 14. Nxe4
{[%clk 0:02:17]} Nxe4 {[%clk 0:02:20]} 15. Rxe4 {[%clk 0:02:17]} Ng6
{[%clk 0:02:17]} 16. Qb3 {[%clk 0:02:06]} Rb8 {[%clk 0:02:01]} 17. d5
{[%clk 0:02:02]} cxd5 {[%clk 0:01:13]} 18. cxd5 {[%clk 0:02:02]} e5
{[%clk 0:01:13]} 19. Qa4+ {[%clk 0:01:52]} Kf8 {[%clk 0:01:14]} 20. Qxa7
{[%clk 0:01:47]} Nf4 {[%clk 0:01:14]} 21. Bxf4 {[%clk 0:01:26]} gxf4
{[%clk 0:01:15]} 22. Rc1 {[%clk 0:01:07]} g6 {[%clk 0:01:12]} 23. Rc3
{[%clk 0:00:54]} f5 {[%clk 0:00:46]} 24. Rec4 {[%clk 0:00:44]} Kg7
{[%clk 0:00:36]} 25. Rb3 {[%clk 0:00:32]} Qe7 {[%clk 0:00:36]} 26. Qb6
{[%clk 0:00:29]} e4 {[%clk 0:00:23]} 27. gxf5 {[%clk 0:00:26]} gxf5
{[%clk 0:00:23]} 28. Kf1 {[%clk 0:00:27]} Kf7 {[%clk 0:00:11]} 29. Rbc3
{[%clk 0:00:27]} Qf6 {[%clk 0:00:04]} 30. a4 {[%clk 0:00:14]} f3 {[%clk 0:00:05]}
31. Bxf3 {[%clk 0:00:13]} exf3 {[%clk 0:00:06]} 32. Rxf3 {[%clk 0:00:15]} Rhe8
{[%clk 0:00:05]} 33. a5 {[%clk 0:00:09]} Re5 {[%clk 0:00:05]} 34. Qb5
{[%clk 0:00:08]} Rbe8 {[%clk 0:00:05]} 35. Rc1 {[%clk 0:00:08]} Qg5
{[%clk 0:00:05]} 36. Rd1 {[%clk 0:00:06]} Qh5 {[%clk 0:00:06]} 37. Qd3
{[%clk 0:00:06]} Kf6 {[%clk 0:00:07]} 38. Rc1 Qg5 {[%clk 0:00:07]} 39. Rd1
{[%clk 0:00:05]} Rg8 {[%clk 0:00:08]} 40. Rg3 {[%clk 0:00:06]} Re1+
{[%clk 0:00:03]} 41. Rxe1 {[%clk 0:00:07]} Bxg3 {[%clk 0:00:04]} 42. Re6+
{[%clk 0:00:05]} Kf7 {[%clk 0:00:06]} 43. fxg3 {[%clk 0:00:05]} Qc1+
{[%clk 0:00:07]} 44. Re1 {[%clk 0:00:05]} Qxb2 45. Qxf5+ {[%clk 0:00:05]} Qf6
{[%clk 0:00:05]} 46. Qxf6+ {[%clk 0:00:05]} Kxf6 {[%clk 0:00:06]} 47. Kf2
{[%clk 0:00:06]} Rd8 48. Re6+ {[%clk 0:00:06]} Kf5 {[%clk 0:00:06]} 49. Rb6
{[%clk 0:00:06]} Rxd5 {[%clk 0:00:08]} 50. Rxb7 {[%clk 0:00:07]} Rxa5
{[%clk 0:00:08]} 51. Rb2 {[%clk 0:00:08]} Ke4 {[%clk 0:00:08]} 52. Re2+
{[%clk 0:00:09]} Kf5 {[%clk 0:00:09]} 53. Kf3 {[%clk 0:00:11]} Ra3+
{[%clk 0:00:10]} 54. Re3 {[%clk 0:00:12]} Ra5 {[%clk 0:00:11]} 55. g4+
{[%clk 0:00:13]} Kg5 {[%clk 0:00:13]} 56. Kg3 {[%clk 0:00:14]} Ra6
{[%clk 0:00:12]} 57. h4+ {[%clk 0:00:15]} Kg6 {[%clk 0:00:15]} 58. Re4
{[%clk 0:00:14]} Rf6 {[%clk 0:00:16]} 59. h5+ {[%clk 0:00:14]} Kg7
{[%clk 0:00:16]} 60. g5 {[%clk 0:00:13]} Rf1 {[%clk 0:00:17]} 61. Re7+
{[%clk 0:00:13]} Kf8 {[%clk 0:00:18]} 62. Rb7 {[%clk 0:00:10]} Rh1
{[%clk 0:00:14]} 63. Kg4 {[%clk 0:00:11]} Kg8 {[%clk 0:00:13]} 64. h6
{[%clk 0:00:11]} Ra1 {[%clk 0:00:09]} 65. Kf5 {[%clk 0:00:10]} Ra6
{[%clk 0:00:09]} 66. Rb8+ {[%clk 0:00:11]} Kh7 {[%clk 0:00:08]} 67. Rb7+
{[%clk 0:00:12]} Kg8 {[%clk 0:00:09]} 68. Rd7 {[%clk 0:00:12]} Rb6
{[%clk 0:00:10]} 69. g6 {[%clk 0:00:11]} Rb5+ {[%clk 0:00:09]} 70. Ke6
{[%clk 0:00:10]} Rb8 {[%clk 0:00:10]} 71. Ke7 {[%clk 0:00:11]} 1-0

[Event "Blitz 2018"]
[Site "Saint-Petersburg"]
[Date "2018.12.29"]
[Round "7"]
[Board "68"]
[White "Predke Alexandr (RUS)"]
[Black "Sakaev Konstantin (RUS)"]
[Result "1-0"]
[LiveChessVersion "1.4.8"]
[BlackElo "2551"]
[WhiteElo "2482"]

1. e4 {[%clk 0:03:02]} c5 {[%clk 0:03:03]} 2. Nc3 {[%clk 0:03:03]} d6
{[%clk 0:03:04]} 3. Nge2 {[%clk 0:03:04]} Nf6 {[%clk 0:03:01]} 4. g3
{[%clk 0:03:04]} e6 {[%clk 0:02:50]} 5. Bg2 {[%clk 0:03:04]} a6 {[%clk 0:02:39]}
6. O-O {[%clk 0:03:02]} Be7 {[%clk 0:02:39]} 7. d3 {[%clk 0:03:02]} O-O
{[%clk 0:02:37]} 8. f4 {[%clk 0:03:02]} Nc6 {[%clk 0:02:37]} 9. h3
{[%clk 0:03:01]} Nd7 {[%clk 0:02:33]} 10. a4 {[%clk 0:03:02]} Rb8
{[%clk 0:02:33]} 11. g4 {[%clk 0:03:02]} b5 {[%clk 0:02:34]} 12. axb5
{[%clk 0:03:03]} axb5 {[%clk 0:02:35]} 13. Ng3 {[%clk 0:03:03]} b4
{[%clk 0:02:33]} 14. Nce2 {[%clk 0:03:03]} Bb7 {[%clk 0:02:29]} 15. g5
{[%clk 0:02:56]} Ra8 {[%clk 0:02:28]} 16. Rb1 {[%clk 0:02:57]} Nb6
{[%clk 0:02:00]} 17. h4 {[%clk 0:02:54]} d5 {[%clk 0:02:01]} 18. f5
{[%clk 0:02:36]} exf5 {[%clk 0:01:49]} 19. Nxf5 {[%clk 0:02:25]} dxe4
{[%clk 0:01:42]} 20. Bxe4 {[%clk 0:02:24]} Na5 {[%clk 0:01:35]} 21. Neg3
{[%clk 0:02:14]} Bd6 {[%clk 0:01:24]} 22. Bxb7 {[%clk 0:00:59]} Nxb7
{[%clk 0:01:24]} 23. Qf3 {[%clk 0:00:55]} Bxg3 {[%clk 0:01:19]} 24. Qxg3
{[%clk 0:00:55]} Qd7 {[%clk 0:01:06]} 25. b3 {[%clk 0:00:39]} Nd5
{[%clk 0:00:48]} 26. Bb2 {[%clk 0:00:39]} Nc3 {[%clk 0:00:48]} 27. Rbe1
{[%clk 0:00:38]} Rae8 {[%clk 0:00:49]} 28. Bxc3 {[%clk 0:00:21]} bxc3
{[%clk 0:00:50]} 29. Rxe8 {[%clk 0:00:22]} Qxe8 {[%clk 0:00:51]} 30. Nh6+
{[%clk 0:00:10]} Kh8 {[%clk 0:00:52]} 31. Nxf7+ {[%clk 0:00:11]} Rxf7
{[%clk 0:00:44]} 32. Rxf7 {[%clk 0:00:12]} Qxf7 {[%clk 0:00:44]} 33. Qb8+
{[%clk 0:00:13]} Qg8 {[%clk 0:00:46]} 34. Qxb7 {[%clk 0:00:13]} Qe8
{[%clk 0:00:47]} 35. Qe4 {[%clk 0:00:10]} Qd8 {[%clk 0:00:45]} 36. Qe5
{[%clk 0:00:10]} Kg8 {[%clk 0:00:39]} 37. Qxc3 {[%clk 0:00:07]} Qd6
{[%clk 0:00:40]} 38. Qc4+ {[%clk 0:00:07]} Kf8 {[%clk 0:00:41]} 39. Qe4
{[%clk 0:00:07]} Qg3+ {[%clk 0:00:40]} 40. Kf1 {[%clk 0:00:08]} g6
{[%clk 0:00:39]} 41. Ke2 {[%clk 0:00:09]} Qg1 {[%clk 0:00:37]} 42. Qe3
{[%clk 0:00:05]} Qb1 {[%clk 0:00:36]} 43. Qxc5+ {[%clk 0:00:06]} Kf7
{[%clk 0:00:38]} 44. Qc7+ {[%clk 0:00:06]} Ke6 {[%clk 0:00:39]} 45. Kd2
{[%clk 0:00:07]} Qg1 {[%clk 0:00:39]} 46. Qc6+ {[%clk 0:00:08]} Ke7
{[%clk 0:00:40]} 47. Qe4+ {[%clk 0:00:08]} Kd6 {[%clk 0:00:41]} 48. Kc3
{[%clk 0:00:09]} Qa1+ {[%clk 0:00:42]} 49. Kb4 {[%clk 0:00:08]} Qc1
{[%clk 0:00:40]} 50. Qd4+ {[%clk 0:00:07]} Kc6 {[%clk 0:00:41]} 51. Qc5+
{[%clk 0:00:08]} Kb7 {[%clk 0:00:43]} 52. Kb5 {[%clk 0:00:09]} Qf4
{[%clk 0:00:43]} 53. d4 {[%clk 0:00:07]} Qxh4 {[%clk 0:00:43]} 54. Qd5+
{[%clk 0:00:07]} Kc7 {[%clk 0:00:44]} 55. Qc6+ {[%clk 0:00:07]} Kd8
{[%clk 0:00:46]} 56. Qd6+ {[%clk 0:00:08]} Ke8 {[%clk 0:00:47]} 57. Kc6
{[%clk 0:00:05]} Qxg5 {[%clk 0:00:47]} 58. b4 {[%clk 0:00:05]} Qg2+
{[%clk 0:00:47]} 59. d5 {[%clk 0:00:05]} Qxc2+ {[%clk 0:00:48]} 60. Qc5
{[%clk 0:00:04]} Qa4+ {[%clk 0:00:48]} 61. b5 {[%clk 0:00:06]} g5
{[%clk 0:00:47]} 62. Kc7 {[%clk 0:00:07]} Qa5+ {[%clk 0:00:47]} 63. Kb7
{[%clk 0:00:06]} g4 {[%clk 0:00:48]} 64. d6 {[%clk 0:00:07]} g3 {[%clk 0:00:47]}
65. Qe5+ {[%clk 0:00:07]} Kf7 {[%clk 0:00:48]} 66. Qd5+ {[%clk 0:00:06]} Ke8
{[%clk 0:00:47]} 67. Qe5+ {[%clk 0:00:05]} Kf7 {[%clk 0:00:48]} 68. Qf5+
{[%clk 0:00:06]} Ke8 {[%clk 0:00:48]} 69. Qe6+ {[%clk 0:00:06]} Kf8
{[%clk 0:00:49]} 70. Qe7+ {[%clk 0:00:07]} Kg8 {[%clk 0:00:50]} 71. Qg5+
{[%clk 0:00:08]} Kf7 {[%clk 0:00:51]} 72. d7 {[%clk 0:00:09]} g2 {[%clk 0:00:51]}
73. d8=Q {[%clk 0:00:05]} Qxd8 {[%clk 0:00:52]} 74. Qxd8 {[%clk 0:00:07]} g1=Q
{[%clk 0:00:53]} 75. Qd5+ {[%clk 0:00:07]} Kf6 {[%clk 0:00:45]} 76. b6
{[%clk 0:00:07]} Qb1 {[%clk 0:00:38]} 77. Kc7 {[%clk 0:00:07]} Kg7
{[%clk 0:00:18]} 78. b7 {[%clk 0:00:08]} Qc2+ {[%clk 0:00:19]} 79. Qc6
{[%clk 0:00:09]} Qh2+ {[%clk 0:00:20]} 80. Kc8 {[%clk 0:00:09]} 1-0